| 000 | 00916nam a2200277Ia 4500 | ||
|---|---|---|---|
| 001 | Para_6775 | ||
| 003 | CHAP | ||
| 008 | 220125s1997 xx 000 0 und d | ||
| 010 | _a205571 | ||
| 040 | _cCHAP | ||
| 090 | _aPA FOLLETO 3505 | ||
| 100 |
_aChew Madinaveitia, Yasmin Ileana _922199 |
||
| 245 |
_aEnfermedades de la alfalfa en la región lagunera / _c por Yasmin Ileana Chew Madinaveitia |
||
| 260 |
_aMatamoros, Coah. : _b INIFAP. Campo Experimental La Laguna |
||
| 300 | _a25 p. | ||
| 440 |
_aFolleto Técnico; 4 _9169562 |
||
| 650 |
_aAlfalfa _x enfermedades _93863 |
||
| 710 |
_aInsituto Nacional de Investigaciones Forestales, Agrícolas y Pecuarias. México. Campo Experimental La Laguna _9171615 |
||
| 901 | _aPA FOLLETO 3505 | ||
| 902 | _aA | ||
| 905 | _a0000001997 ai 0000000000 00 | ||
| 910 | _a1997 | ||
| 942 | _cPARA | ||
| 942 |
_cPARA _d1 |
||
| 999 |
_c205571 _d205571 |
||